Estatísticas para TODAS as Novelas da Globo

Clique aqui para jogar o quiz

Estatísticas Gerais

  • Esse quiz foi jogado 1 675 vezes
    (200 desde o último reset)
  • A pontuação média é 154 de 328

Estatísticas das Respostas

Ano de exibiçãoAutorTítulo% Correto
2012João Emanuel CarneiroAvenida Brasil
83%
2001-2002Glória PerezO Clone
81%
1993Benedito Ruy BarbosaRenascer
78%
2024-Bruno LuperiRenascer
78%
2009Glória PerezCaminho das Índias
77%
2003-2004Walcyr CarrascoChocolate com Pimenta
77%
1993Ivani RibeiroMulheres de Areia
77%
2022Bruno LuperiPantanal
77%
2010-2011Maria Adelaide AmaralTi Ti Ti
71%
1985-1986Cassiano Gabus MendesTi Ti Ti
71%
2008-2009João Emanuel CarneiroA Favorita
70%
2013-2014Walcyr CarrascoAmor à Vida
69%
2012Filipe Miguez e Izabel de OliveiraCheias de Charme
69%
2014-2015Aguinaldo SilvaImpério
69%
2000-2001Manoel CarlosLaços de Família
69%
2003Manoel CarlosMulheres Apaixonadas
69%
2005Glória PerezAmérica
68%
1996-1997Benedito Ruy BarbosaO Rei do Gado
68%
2009Benedito Ruy BarbosaParaíso
68%
1982-1983Benedito Ruy BarbosaParaíso
68%
2011-2012Aguinaldo SilvaFina Estampa
67%
2015Walcyr CarrascoVerdades Secretas
67%
1975Gilberto BragaSenhora
66%
2004João Emanuel CarneiroDa Cor do Pecado
65%
2016Walcyr CarrascoÊta Mundo Bom!
65%
2000-2001Walcyr Carrasco e Mário TeixeiraO Cravo e a Rosa
65%
2017Glória PerezA Força do Querer
63%
2005-2006Walcyr CarrascoAlma Gêmea
63%
2006João Emanuel CarneiroCobras & Lagartos
63%
1985-1986Dias GomesRoque Santeiro
63%
1989-1990Aguinaldo Silva, Ana Maria Moretzsohn e Ricardo LinharesTieta
63%
2019Walcyr CarrascoA Dona do Pedaço
62%
1994Ivani RibeiroA Viagem
62%
2012-2013Glória PerezSalve Jorge
62%
2004-2005Aguinaldo SilvaSenhora do Destino
62%
2019-2021Manuela DiasAmor de Mãe
61%
2015Gilberto Braga, Ricardo Linhares e João Ximenes BragaBabilônia
61%
2011Duca Rachid e Thelma GuedesCordel Encantado
61%
2023-2024Thereza Falcão e Alessandro MarsonElas por Elas
61%
1982Cassiano Gabus MendesElas por Elas
61%
2007Gilberto Braga e Ricardo LinharesParaíso Tropical
61%
2010-2011Sílvio de AbreuPassione
61%
2013Ricardo LinharesSaramandaia
61%
1976Dias GomesSaramandaia
61%
2023-2024Walcyr CarrascoTerra e Paixão
61%
1991-1992Antônio CalmonVamp
61%
2009-2010Manoel CarlosViver a Vida
61%
2005-2006Sílvio de AbreuBelíssima
60%
2012-2013Sílvio de AbreuGuerra dos Sexos
60%
1983-1984Sílvio de AbreuGuerra dos Sexos
60%
1977-1978Janete ClairO Astro
60%
2011Alcides Nogueira e Geraldo CarneiroO Astro
60%
2017-2018Walcyr CarrascoO Outro Lado do Paraíso
60%
2015-2016Rosane Svartman e Paulo HalmTotalmente Demais
60%
1995Sílvio de AbreuA Próxima Vítima
59%
2003-2004Gilberto BragaCelebridade
59%
1987Aguinaldo SilvaO Outro
59%
2018João Emanuel CarneiroSegundo Sol
59%
1979Benedito Ruy BarbosaCabocla
58%
2004Benedito Ruy BarbosaCabocla
58%
2009-2010Walcyr CarrascoCaras & Bocas
58%
1975Walter George DurstGabriela
58%
2012Walcyr CarrascoGabriela
58%
1997-1998Manoel CarlosPor Amor
58%
1986Benedito Ruy BarbosaSinhá Moça
58%
2006Benedito Ruy BarbosaSinhá Moça
58%
2011-2012Lícia ManzoA Vida da Gente
57%
2016Daniel OrtizHaja Coração
57%
2006-2007Manoel CarlosPáginas da Vida
57%
1990Sílvio de AbreuRainha da Sucata
57%
1999-2000Benedito Ruy BarbosaTerra Nostra
57%
2015-2016João Emanuel CarneiroA Regra do Jogo
56%
2014Manoel CarlosEm Família
56%
2019-2020Ângela ChavesÉramos Seis
56%
2015Alcides Nogueira e Mário TeixeiraI Love Paraisópolis
56%
2021-2022Thereza Falcão e Alessandro MarsonNos Tempos do Imperador
56%
2019Duca Rachid e Thelma GuedesÓrfãos da Terra
56%
1988-1989Gilberto Braga, Aguinaldo Silva e Leonor BassèresVale Tudo
56%
2016Benedito Ruy BarbosaVelho Chico
56%
1997Aguinaldo Silva e Ricardo LinharesA Indomada
55%
1997-1998Maria Adelaide AmaralAnjo Mau
55%
1976Cassiano Gabus MendesAnjo Mau
55%
2002Emanuel JacobinaCoração de Estudante
55%
2018Daniel AdjafreDeus Salve o Rei
55%
2023-2024Gustavo ReizFuzuê
55%
1971-1972Benedito Ruy BarbosaMeu Pedacinho de Chão
55%
2014Benedito Ruy BarbosaMeu Pedacinho de Chão
55%
2011Walcyr CarrascoMorde & Assopra
55%
2018-2019Aguinaldo SilvaO Sétimo Guardião
55%
2017-2018Claudia SoutoPega Pega
55%
2000-2001Carlos LombardiUga Uga
55%
1985Ivani RibeiroA Gata Comeu
54%
2005-2006Mário PrataBang Bang
54%
2014Filipe Miguez e Izabel de OliveiraGeração Brasil
54%
2006-2007Duca Rachid e Thelma GuedesO Profeta
54%
1989Cassiano Gabus MendesQue Rei Sou Eu?
54%
2013Maria Adelaide Amaral e Vincent VillariSangue Bom
54%
2022-2023Gloria PerezTravessia
54%
2019Izabel de Oliveira e Paula AmaralVerão 90
54%
2010-2011Walther NegrãoAraguaia
53%
2013Walther NegrãoFlor do Caribe
53%
1995-1996Manoel CarlosHistória de Amor
53%
2011Gilberto Braga e Ricardo LinharesInsensato Coração
53%
1995Dias GomesIrmãos Coragem
53%
1970-1971Janete ClairIrmãos Coragem
53%
2002-2003Antônio CalmonO Beijo do Vampiro
53%
1986Regina Braga e Eloy AraújoSelva de Pedra
53%
1972-1973Janete ClairSelva de Pedra
53%
2007-2008Walcyr CarrascoSete Pecados
53%
2023Rosane SvartmanVai na Fé
53%
2013-2014Carlos Gregório e Marcos BernsteinAlém do Horizonte
52%
1990-1991Glória PerezBarriga de Aluguel
52%
2009-2010Duca Rachid e Thelma GuedesCama de Gato
52%
2022-2023Claudia SoutoCara e Coragem
52%
2007-2008Aguinaldo SilvaDuas Caras
52%
1991-1992Manoel CarlosFelicidade
52%
2008-2009Miguel FalabellaNegócio da China
52%
2017Thereza Falcão e Alessandro MarsonNovo Mundo
52%
2006-2007Carlos LombardiPé na Jaca
52%
2001Aguinaldo Silva e Ricardo LinharesPorto dos Milagres
52%
2020-2021Daniel OrtizSalve-se Quem Puder
52%
1987-1988Sílvio de AbreuSassaricando
52%
2001-2002Walcyr CarrascoA Padroeira
51%
1998Walther NegrãoEra uma Vez...
51%
2002-2003Benedito Ruy BarbosaEsperança
51%
2003-2004Carlos LombardiKubanacan
51%
2022-2023Mário TeixeiraMar do Sertão
51%
1994-1995Carlos LombardiQuatro por Quatro
51%
2011-2012Miguel FalabellaAquele Beijo
49%
1995-1996Glória PerezExplode Coração
49%
1993-1994Aguinaldo Silva, Ana Maria Moretzsohn e Ricardo LinharesFera Ferida
49%
1991-1992Gilberto BragaO Dono do Mundo
49%
1974-1975Bráulio PedrosoO Rebu
49%
2014George Moura e Sergio GoldenbergO Rebu
49%
1998-1999Glória PerezPecado Capital
49%
1975-1976Janete ClairPecado Capital
49%
1998-1999Sílvio de AbreuTorre de Babel
49%
2008-2009Antônio CalmonTrês Irmãs
49%
2001Antônio CalmonUm Anjo Caiu do Céu
49%
2016-2017Maria Adelaide Amaral e Vincent VillariA Lei do Amor
48%
2022Alessandra PoggiAlém da Ilusão
48%
2015-2016Elizabeth JhinAlém do Tempo
48%
2014-2015Daniel OrtizAlto Astral
48%
2005Maria Carmem Barbosa e Miguel FalabellaA Lua Me Disse
48%
2012Elizabeth JhinAmor Eterno Amor
48%
1992-1993Glória PerezDe Corpo e Alma
48%
2001Ana Maria MoretzsohnEstrela-Guia
48%
2013-2014Duca Rachid e Thelma GuedesJoia Rara
48%
1979Janete ClairPai Herói
48%
2016-2017Maria Helena NascimentoRock Story
48%
2010Bosco BrasilTempos Modernos
48%
1989-1990Walther Negrão e Antônio CalmonTop Model
48%
1997-1998Lauro César MunizZazá
48%
1992Aguinaldo Silva, Ana Maria Moretzsohn e Ricardo LinharesPedra sobre Pedra
47%
2021-2022Mauro WilsonQuanto Mais Vida, Melhor!
47%
2016-2017Walther Negrão, Suzana Pires e Júlio FischerSol Nascente
47%
1993-1994Marcílio MoraesSonho Meu
47%
1994Walther NegrãoTropicaliente
47%
1999Euclydes MarinhoAndando nas Nuvens
46%
2001-2002Sílvio de AbreuAs Filhas da Mãe
46%
2019-2020Rosane Svartman e Paulo HalmBom Sucesso
46%
2014-2015Rui VilhenaBoogie Oogie
46%
1986Sílvio de AbreuCambalacho
46%
1981Teixeira FilhoCiranda de Pedra
46%
2008Alcides NogueiraCiranda de Pedra
46%
2010Elizabeth JhinEscrito nas Estrelas
46%
2018-2019Elizabeth JhinEspelho da Vida
46%
1999-2000Gilberto Braga e Alcides NogueiraForça de um Desejo
46%
1988-1989Carlos LombardiBebê a Bordo
45%
2008Andréa MaltarolliBeleza Pura
45%
1998Antônio CalmonCorpo Dourado
45%
1978-1979Gilberto BragaDancin' Days
45%
1976-1977Gilberto BragaEscrava Isaura
45%
2018Marcos BernsteinOrgulho e Paixão
45%
2015Lícia ManzoSete Vidas
45%
1992-1993Sílvio de AbreuDeus Nos Acuda
44%
2012-2013João Ximenes Braga e Claudia LageLado a Lado
44%
1987-1988Dias GomesMandala
44%
1973Dias GomesO Bem-Amado
44%
1992Carlos LombardiPerigosas Peruas
44%
1999Aguinaldo SilvaSuave Veneno
44%
2021-2022Lícia ManzoUm Lugar ao Sol
44%
2003Ricardo LinharesAgora É que São Elas
43%
2023Duca Rachid e Júlio FischerAmor Perfeito
43%
1987Cassiano Gabus MendesBrega & Chique
43%
2004-2005Walther NegrãoComo uma Onda
43%
1979Bráulio PedrosoFeijão Maravilha
43%
1988Walther NegrãoFera Radical
43%
2016Mário TeixeiraLiberdade, Liberdade
43%
1990-1991Cassiano Gabus MendesMeu Bem, Meu Mal
43%
1989Lauro César MunizO Salvador da Pátria
43%
2018-2019Mário TeixeiraO Tempo Não Para
43%
1983Walther NegrãoPão Pão, Beijo Beijo
43%
1996-1997Maria Carmem Barbosa e Miguel FalabellaSalsa e Merengue
43%
1996Carlos LombardiVira Lata
43%
1995-1996Antônio CalmonCara & Coroa
42%
2004-2005Antônio Calmon e Elizabeth JhinComeçar de Novo
42%
2007Elizabeth JhinEterna Magia
42%
1996Dias GomesO Fim do Mundo
42%
2017-2018Alcides NogueiraTempo de Amar
42%
1999-2000Walther NegrãoVila Madalena
42%
1980Gilberto BragaÁgua Viva
41%
1981Manoel CarlosBaila Comigo
41%
1975Gilberto BragaHelena
41%
1989-1990Ivani RibeiroO Sexo dos Anjos
41%
1980-1981Cassiano Gabus MendesPlumas e Paetês
41%
1986-1987Lauro César MunizRoda de Fogo
41%
2002-2003Ana Maria MoretzsohnSabor da Paixão
41%
1984-1985Carlos LombardiVereda Tropical
41%
1987-1988Daniel MásBambolê
40%
1981-1982Gilberto BragaBrilhante
40%
1992-1993Walther NegrãoDespedida de Solteiro
40%
1977Gilberto BragaDona Xepa
40%
1977Cassiano Gabus MendesLocomotivas
40%
1993-1994Antônio CalmonOlho no Olho
40%
1984Aguinaldo Silva e Glória PerezPartido Alto
40%
1994-1995Gilberto BragaPátria Minha
40%
1975-1976Marcos ReyA Moreninha
39%
1965Moysés WeltmanA Moreninha
39%
1996-1997Walther NegrãoAnjo de Mim
39%
2007-2008Walther NegrãoDesejo Proibido
39%
2000Ana Maria MoretzsohnEsplendor
39%
1997Alcides NogueiraO Amor Está no Ar
39%
1996Solange Castro NevesQuem É Você?
39%
1984Ivani RibeiroAmor com Amor Se Paga
38%
1990-1991Dias Gomes, Lauro César Muniz e Ferreira GullarAraponga
38%
1978-1979Manoel CarlosA Sucessora
38%
1980-1981Janete ClairCoração Alado
38%
2002Euclydes MarinhoDesejos de Mulher
38%
1977Lauro César MunizEspelho Mágico
38%
1986-1987Ivani RibeiroHipertensão
38%
1984-1985Walther NegrãoLivre para Voar
38%
1990-1991Ana Maria Moretzsohn, Ricardo Linhares e Maria Carmem BarbosaLua Cheia de Amor
38%
1976Lauro César MunizO Casarão
38%
1985Daniel MásUm Sonho a Mais
38%
1969-1970Janete ClairVéu de Noiva
38%
1969-1970Hedy MaiaA Cabana do Pai Tomás
37%
1970-1971Walther NegrãoA Próxima Atração
37%
1977Benedito Ruy Barbosa e Sylvan PaezzoÀ Sombra dos Laranjais
37%
1984-1985Gilberto BragaCorpo a Corpo
37%
1976-1977Mário PrataEstúpido Cupido
37%
1978Rubens Ewald FilhoGina
37%
1979-1980Cassiano Gabus MendesMarron Glacê
37%
1998-1999Ricardo LinharesMeu Bem Querer
37%
1980Geraldo VietriOlhai os Lírios do Campo
37%
1982-1983Manoel CarlosSol de Verão
37%
1980-1981Walther NegrãoAs Três Marias
35%
1973-1974Lauro César MunizCarinhoso
35%
1973Walther NegrãoCavalo de Aço
35%
1983-1984Cassiano Gabus MendesChampagne
35%
1982-1983Ivani RibeiroFinal Feliz
35%
1990Luís Carlos FuscoGente Fina
35%
1983Gilberto BragaLouco Amor
35%
1978Manoel CarlosMaria, Maria
35%
1990Marcílio Moraes, Leonor Bassères e Euclydes MarinhoMico Preto
35%
1974Dias GomesO Espigão
35%
1976Benedito Ruy BarbosaO Feijão e o Sonho
35%
1975-1976Jorge AndradeO Grito
35%
1978-1979Silvio de AbreuPecado Rasgado
35%
1991Sérgio MarquesSalomé
35%
1988-1989Benedito Ruy BarbosaVida Nova
35%
1973Maria Clara MachadoA Patota
34%
1967Glória MagadanA Sombra de Rebecca
34%
1972Chico de Assis e Renato Corrêa de CastroBicho do Mato
34%
1985-1986Alcides NogueiraDe Quina pra Lua
34%
1975Lauro César MunizEscalada
34%
1983-1984Janete ClairEu Prometo
34%
1981-1982Sílvio de AbreuJogo da Vida
34%
1981Roberto FreireO Amor É Nosso
34%
1972-1973Bráulio PedrosoO Bofe
34%
1993Cassiano Gabus MendesO Mapa da Mina
34%
1973-1974Janete ClairO Semideus
34%
1979-1980Lauro César MunizOs Gigantes
34%
1978Cassiano Gabus MendesTe Contei?
34%
1968-1969Glória MagadanA Gata de Vison
33%
1968-1969Hedy MaiaA Grande Mentira
33%
1969Dias GomesA Ponte dos Suspiros
33%
1970-1971Dias GomesAssim na Terra como no Céu
33%
1971-1972Dias GomesBandeira 2
33%
1975-1976Janete Clair e Gilberto BragaBravo!
33%
1980Carlos Eduardo NovaesChega Mais
33%
1974-1975Lauro César Muniz e Gilberto BragaCorrida do Ouro
33%
1975Marcos ReyCuca Legal
33%
1987Walther NegrãoDireito de Amar
33%
1976-1977Janete ClairDuas Vidas
33%
1974-1975Janete ClairFogo sobre Terra
33%
1980Wilson Aguiar FilhoMarina
33%
1965Leonardo de CastroMarina
33%
1971-1972Vicente SessoMinha Doce Namorada
33%
1965-1966José Castellar e Heloísa CastellarO Ébrio
33%
1967-1968Glória MagadanO Homem Proibido
33%
1982Teixeira FilhoO Homem Proibido
33%
1972Walther NegrãoO Primeiro Amor
33%
1978Bráulio PedrosoO Pulo do Gato
33%
1966-1967Glória MagadanO Sheik de Agadir
33%
1973-1974Jorge AndradeOs Ossos do Barão
33%
1989Regina BragaPacto de Sangue
33%
1970Vicente SessoPigmalião 70
33%
1984Lauro César MunizTransas e Caretas
33%
1967Glória MagadanA Rainha Louca
32%
1969Glória MagadanA Última Valsa
32%
1966Glória MagadanEu Compro esta Mulher
32%
1977-1978Walter George DurstNina
32%
1971Bráulio PedrosoO Cafona
32%
1969Janete ClairRosa Rebelde
32%
1967-1968Janete ClairSangue e Areia
32%
1974Walther NegrãoSupermanoela
32%
1981-1982Walter George DurstTerras do Sem-Fim
32%
1972-1973Vicente SessoUma Rosa com Amor
32%
1969-1970Dias GomesVerão Vermelho
32%
1983-1984Benedito Ruy BarbosaVoltei pra Você
32%
1979Wilson Aguiar FilhoMemórias de Amor
31%
1971-1972Janete ClairO Homem que Deve Morrer
31%
1975Mário LagoO Noviço
31%
1966-1967Moysés WeltmanO Rei dos Ciganos
31%
1968Glória MagadanO Santo Mestiço
31%
1965Moysés WeltmanPadre Tião
31%
1977-1978Mário PrataSem Lenço, sem Documento
31%
1978-1979Dias GomesSinal de Alerta
31%
1976Sylvan PaezzoVejo a Lua no Céu
31%
1967Emiliano QueirozAnastácia, a Mulher sem Destino
30%
1965Enia PetriIlusões Perdidas
30%
1965Glória MagadanPaixão de Outono
30%
1965Moysés WeltmanRosinha do Sobrado
30%
1977-1978Lafayette GalvãoSinhazinha Flô
30%
1965-1966Daniel MásUm Rosto de Mulher
30%
1968-1969Janete ClairPasso dos Ventos
29%
1982Janete ClairSétimo Sentido
29%

Distribuição das Pontuações

Percentil de Números Respondidos

Porcentagem de Pessoas com Cada Pontuação

Sua Pontuação Histórica

Você não jogou esse quiz desde o último reset